| 000 | 00626nam a22001577a 4500 | ||
|---|---|---|---|
| 005 | 2012041708218.0 | ||
| 020 |
_a8173912718 _c410.00 |
||
| 035 | _aA-945440 | ||
| 037 |
_aDPL _bENG |
||
| 100 |
_aNayak, Utpala _945230 |
||
| 245 |
_aWomen's development and social conflicts : _bHistorical perspectives on Indian women / _cby Utpala Nayak |
||
| 260 |
_aNew Delhi _bKanishka Publishers, Distributors _c1999 |
||
| 300 |
_axxii, 327p. _c23 cms. |
||
| 942 |
_2ddc _cEN _h305.4095454 _mNAY |
||
| 999 |
_c65127 _d65127 |
||